00420nam a2200169Ia 4500003000400000005001700004008004100021020001800062050002600080100001500106245004000121260003500161300003300196440000600229521000700235526000800242OSt20140311163142.0140130s9999 xx 000 0 und d a9780717285846 aBF 723.F5 b.B47 2005 aBerry, Joy aA book about fighting /cJoy Berry. bScholastic,c2005.aNew York : a20 p. :bcol. ill. ;c18 cm. v1 aG2 c300